000 04285cam a22005174i 4500
003 PE-LiUPU
005 20250731165433.0
008 160304s2015 caua r 000 0 spa d
020 _a9781466256965
020 _a1466256966
035 _a(Sirsi) a156368
040 _aPE-LiUPU
_bspa
_cPE-LiUPU
_erda
082 0 4 _a001.42
_bC22
100 1 _aCamps, Diego,
_eautor.
245 _aRedacción de artículos científicos en ciencias de la salud /
_cDiego Camps.
250 _aPrimera Edición.
264 1 _aSan Bernardino, California :
_bInternal Medical Publishing,
_c2015.
300 _a82 páginas :
_bilustraciones ;
_c29 centímetros
336 _atext
_2rdacontent
337 _aunmediated
_2rdamedia
338 _avolume
_2rdacarrier
505 0 _aAproximación histórica a la comunidad científica -- Evolución de las revistas científicas -- El artículo científico -- Tipos de artículos científicos -- Características de los principales tipos de artículos -- Casos clínicos o reporte de casos -- Editorial -- Revisión -- Carta al editor -- Otros tipos de artículo -- Redacción científica -- Algunos mitos de la redacción -- Finalidad de los artículos de redacción -- La historia del IMRYD -- Estilo científico -- Pirámide de la redacción científica -- Redacción: criterios gramaticales -- Redacción: normas ortográficas -- Abreviaciones -- Mayúsculas y Minúsculas -- Otras normas ortotipográficas -- Redacción: Sugerencias léxicas -- Introducción -- Estructura -- Errores frecuentes -- Materia y métodos -- Organización -- Situaciones especiales -- Resultados, tablas y figuras -- Datos y resultados -- Organización de la sección -- Redacción de la sección -- Presentar datos numéricos -- Presentar datos estadísticos -- Elección de tablas y figuras -- Figuras -- Ilustraciones -- Fotografías -- Gráficos -- Elección de la gráfica más adecuada -- Republicación de Figuras -- Discusión -- Organización -- Resumen -- Resúmenes Descriptivos -- Resúmenes informativos -- Estructuración de un resumen -- Errores en la confección de un resumen -- Título -- Construcción del Título -- Elección de las palabras adecuadas -- Tipos de Títulos -- El título en diferentes tipos de manuscrito -- Palabras clave -- Seleccionar palabras clave del MeSh -- Paso I. Determinación del tema, palabras o frases significativas, y sus equivalencias en inglés -- Paso II. Elaboración del mapa de búsqueda -- Paso III. Ejecución de la búsqueda -- Paso IV. Elección del término -- Las palabras adecuadas -- La redacción de las palabras clave -- Referencias Bibliográficas -- Algunos errores al citar -- Estilos -- Requisitos uniformes -- Las referencias de acuerdo a los requerimientos uniformes -- Informe Científico o Técnico -- Estudios con diseños específicos -- Publicación de ensayos clínicos controlados aleatorizados: declaración CONSORT -- Publicación de revisiones sistemáticas y metaanalísis: declaración QUOROM -- Publicación de estudios epidemiológicos: declaración STROBE -- Publicación de estudios sobre exactitud diagnóstica: declaraciones STARD y REMARK -- Artículos metodológicos.-- Cartas al editor -- Comunicaciones cortas -- Descripciones de casos -- El Análisis de una serie de casos -- Revisiones.
526 _aSEG44
526 _aSEG26
526 _aP151
526 _aP150
526 _aP149
526 _aP146
526 _aP145
526 _aP126
526 _aP125
526 _aP92
526 _aP75
526 _aP74
526 _aP27
526 _aP15
650 0 4 _aArtículos científicos
_xRedacción.
650 0 4 _aPublicaciones científicas
_xGuías de estudio.
650 0 4 _aCiencias de la Salud
_xInvestigación
_xMetodología.
910 _ajck
_bbpc
_cbpc
_d20160405
596 _a1
942 _2ddc
_cBOOK
999 _a001.42 C22
_wDEWEY
_c9049
_i72766
_d9049
_e2018-7-10
_f2021-11-3
_g5
_lCCODEBUL1
_mBUL
_n5
_p25.00
_r0
_sY
_tBOOK
_u2016-3-4
_xSALUD
_PP69
_0COMPRA
_o.STAFF. Posgrado
999 _a001.42 C22
_wDEWEY
_c2
_i72767
_d2020-1-30
_e2020-1-26
_f2021-11-3
_g5
_lCCODEBUL1
_mBUL
_n7
_p25.00
_q3
_r0
_sY
_tBOOK
_u2016-3-4
_xSALUD
_PP69
_0COMPRA
_o.STAFF. Posgrado
980 _81
_gALBERTO SANCHEZ Responsable de Automatización